000 nam a22 a 4500
999 _c379338
_d379338
003 BLK
005 20201007040915.0
008 200805b bu ||||| |||| 00| 0 bu d
040 _aBLK
041 _aBUL
_cBUL
080 _aТекстилна промишленост. Технология на влакнестите мателиали
_b677
_x(035)
_z677(035)
100 _aПанайотов, Иван Д.
_eпърви автор
_91299
245 _aРъководство за бобиниране на памучните прежди
_cИван Панайотов
260 _9209463
_aСофия
_bТехника
_c1964
300 _a50 с.
_bс ил.
_c18 см
380 _a62
490 _9206274
_aБиблиотека на производствениците от текстилната промишленост
_vКн. 10-П
650 7 _9165624
_aПамучно предачество
852 _aЦб І 6812
942 _cKNG
_n0
_s1
944 _aCR
_c2020-08-05
_kВаля Йорданова